Grammar in context 3 (Record no. 30582)

MARC details
000 -LEADER
fixed length control field 00502nam a2200193Ia 4500
020 ## - INTERNATIONAL STANDARD BOOK NUMBER
ISBN 1413013961
050 ## - CALL MARK
Classification number PE 1112 .E43/
100 ## - STATEMENT OF RESPONSIBILITY--MAIN AUTHOR NAME
Personal name Elbaum, Sandra N.
245 #0 - TITLE STATEMENT
Title Grammar in context 3
250 ## - EDITION / VOLUME STATEMENT
Edition / Volume statement 4th ed.
260 ## - PUBLICATION, DISTRIBUTION, ETC. (IMPRINT)
Place of publication United States
260 ## - PUBLICATION, DISTRIBUTION, ETC. (IMPRINT)
Name of publisher Thomson Heinle
260 ## - PUBLICATION, DISTRIBUTION, ETC. (IMPRINT)
Year of publication 2005
300 ## - PHYSICAL DESCRIPTION
Number of Pages 467 p
650 ## - SUBJECT ADDED ENTRY--TOPICAL TERM
Topical Term English language_Textbooks for foreign speakers English language_Grammar
942 ## - ADDED ENTRY ELEMENTS (KOHA)
Koha item type Books
Holdings
Withdrawn status Lost status Source of classification or shelving scheme Damaged status Not for loan Permanent Location Current Location Date acquired Accession Number Price effective from Koha item type
    Library of Congress Classification     NILE UNIVERSITY OF NIGERIA - MAIN LIBRARY NILE UNIVERSITY OF NIGERIA - MAIN LIBRARY 04/23/2025 0010665 04/23/2025 Books